Statistics for 2022 Racing Drivers

Click here to take the quiz!

General Stats

  • This quiz has been taken 26 times
  • The average score is 24 of 30

Answer Stats

HintAnswer% Correct
Denny HamlinNASCAR Cup Series
100%
Sergio PerezFormula One
96%
Lewis HamiltonFormula One
96%
Alexander RossiNTT IndyCar Series
96%
Charles LeclercFormula One
92%
Marcus EricssonNTT IndyCar Series
92%
Alex PalouNTT IndyCar Series
88%
Carlos SainzFormula One
84%
Sebastian VettelFormula One
84%
Kevin HarvickNASCAR Cup Series
80%
Chase ElliottNASCAR Cup Series
80%
Will PowerNTT IndyCar Series
80%
Josef NewgardenNTT IndyCar Series
80%
Pato O'WardNTT IndyCar Series
80%
Jimmie JohnsonNTT IndyCar Series
80%
Scott DixonNTT IndyCar Series
80%
Matt CraftonNASCAR Camping World Truck Series
76%
Ben RhodesNASCAR Camping World Truck Series
76%
Todd GillilandNASCAR Cup Series
76%
Kyle LarsonNASCAR Cup Series
76%
Brad KeselowskiNASCAR Cup Series
76%
Erik JonesNASCAR Cup Series
76%
William ByronNASCAR Cup Series
76%
A.J. AllmendingerNASCAR Xfinity Series
76%
Sheldon CreedNASCAR Xfinity Series
76%
Noah GragsonNASCAR Xfinity Series
76%
Christian EckesNASCAR Camping World Truck Series
72%
Ty GibbsNASCAR Xfinity Series
72%
Justin AllgaierNASCAR Xfinity Series
72%
Carson HocevarNASCAR Camping World Truck Series
68%

Score Distribution

Percentile by Number Answered

Percent of People with Each Score

Your Score History

You have not taken this quiz